|
|
|
|
| LEADER |
00000nab a2200000 a 4500 |
| 001 |
vtls009517328 |
| 003 |
SK-MaSNL |
| 005 |
20260426105559.0 |
| 008 |
140515c2009 xo wr|p|||||||000 b|slo |
| 015 |
|
|
|a SNBRB2009/05
|2 snkbucl
|
| 040 |
|
|
|a SNKBUCL
|b slo
|c SNKBUCL
|e AACR2
|
| 041 |
0 |
|
|a slo
|
| 044 |
|
|
|a xo
|c SK
|
| 080 |
|
|
|a 323.15(=214.58)-055.2
|x (437.6)
|2 2001
|
| 080 |
|
|
|a 618.11-089.87
|2 2001
|
| 080 |
|
|
|a 618.177
|2 2001
|
| 080 |
|
|
|a 616-089.856
|2 2001
|
| 100 |
1 |
|
|a Bán, Andrej,
|d 1964-
|4 aut
|9 85722
|
| 245 |
1 |
0 |
|a Telo, duša, skalpel, jazva
|c Andrej Bán
|
| 300 |
|
|
|b Fotogr.
|
| 650 |
0 |
7 |
|a rómske ženy
|2 snkbucl
|9 72964
|
| 650 |
0 |
7 |
|a násilná sterilizácia
|2 snkbuvl
|9 1626432
|
| 650 |
0 |
7 |
|a reprodukčné práva
|2 snkbucl
|9 78287
|
| 651 |
|
7 |
|a Slovensko
|2 snkbucl
|9 14231
|
| 655 |
|
7 |
|a reportáže
|2 snkbucl
|9 28856
|
| 773 |
0 |
|
|t Týždeň
|g Roč. VI, č. 20 (2009), s. 22-29
|x 1336-5932
|
| 852 |
|
|
|a SNK
|b KIS3GCP
|
| 958 |
|
|
|a SK
|
| 958 |
|
|
|a RQ
|
| 999 |
|
|
|c 3354939
|d 3356869
|